000 01747 a2200217 4500
001 26783
005 20260407155545.0
008 260407a1969 arg spa d
003 AR-UNSa-BCEJYS
040 _aAR-UNSa-BCEJYS
_bspa
_cAR-UNSa-BCEJYS
080 _a658.8
_xOrganización de mercados. Marketing. Ventas. Distribución
245 1 0 _aDirección de Mercadotecnia
_pAnálisis, planeación y control.
264 1 _aMéxico :
_bDiana
_c1969
300 _a715 p.
_c23 cm.
505 _aParte I: Análisis de mercadotecnia: 1. Dirección y concepto de mercadotecnia - 2. Mercados y el medio ambiente de la mercadotecnia - 3. Segmentación del mercado - 4. Comportamiento del consumidor - 5. Pronóstico y medición del mercado - Parte II: Organización d la actividad de mercadotecnia: 6. Objetivos de la empresa y organización de mercadotecnia - 7. Planeación de la mercadotcnia - 8. Toma de decisions en mercadotecnia - 9. Investigación y sistemas de mercadotecnia - 11. Creatividad en mercadotecnia - Parte III: Planeación de mercadotecnia : 12. Teoría de la programación de mercadotecnia - 13. Decisiones depolítica de productos - 14. Decisiones referentes a productos de precios - 15. Decisiones en materia de precios - 16. Decisiones respecto a canales de distribución - 17. Decisiones acerca de la distribución física - 18. Decisiones acerca de la fuerza de ventas - 20. Decisiones de mercadotecnia y la ley - Parte IV: Control del esfuerzo de mercadotecnia: 21. Control de la mercadotecnia - 22. Análisis de ventas y de costos - 23. Auditoría de mercadotecnia.
942 _cBK
590 _aniveau_biblio:m niveau_hierar:0
100 1 _aKotler, Philip
700 1 _aBrunell, Alfredo
700 1 _aPalazón Beltrán, Ramón
999 _c1499
_d1499